| 000 | 00578nam a2200145Ia 4500 | ||
|---|---|---|---|
| 008 | 170221s9999 xx 000 0 und d | ||
| 100 | _aSergey A. Shelkovnikov | ||
| 245 | _aSustainable Development of a Dairy and Grocery Subcomplex in Novosibirsk Region | ||
| 245 | _cSergey A. Shelkovnikov, Sergey A. Tsoy, Anastasiia A. Samokhvalova, Marina S. Petukhova, Michail N. Fedorov | ||
| 260 | _bInternational Review of Management and Marketing | ||
| 260 | _c2016 | ||
| 300 | _a6 : 4 | ||
| 650 | _xMarketing. | ||
| 856 | _uhttp://www.econjournals.com/index.php/irmm/issue/view/88 | ||
| 999 |
_c308502 _d308502 |
||